| 000 | 01247namaa22003011i 4500 | ||
|---|---|---|---|
| 003 | EG-GICUC | ||
| 005 | 20260408115953.0 | ||
| 008 | 260408s1991 ua ||||jr|||| 000 0 ara d | ||
| 017 |
_a1991 / 5630 _bدار الكتب و الوثائق القومية (مصر) |
||
| 040 |
_aEG-GiCUC _bara _cEG-GiCUC _dEG-GiCUC _erda |
||
| 082 | 0 | 4 |
_221 _a811.5 _bM9922m |
| 092 | 0 | 4 |
_221 _a811.5 _bM9922m |
| 099 | _a811.5 M9922m | ||
| 100 | 1 |
_aالتطاوى، عبد الله. _eمؤلف. |
|
| 245 |
_aمداخل فكرية و نفسية الى المتنبى / _cتأليف عبد الله التطاوى. |
||
| 264 |
_aالقاهرة : _bمكتبة الانجلو المصرية، _c1991. |
||
| 300 |
_a221 ؛ صفحة _c24 سم. |
||
| 336 |
_2rdacontent _atext |
||
| 337 |
_2rdamedia _aUnmediated |
||
| 338 |
_2rdacarrier _avolume |
||
| 504 | _aيشتمل على ارجاعات اللبليوجرافية | ||
| 541 |
_aد . جابر عصفور ؛ _bالقاهرة ؛ _cإهداء ؛ _d2024. |
||
| 600 | 1 | 0 |
_aالمتنبى، ابو الطيب احمد بن الحسين : _d915 965- 916او |
| 650 | 1 | 7 |
_aالشعر العربى _xتاريخ _yالعصر العباسى الثانى _2qrmak |
| 651 | 1 | _2qrmak | |
| 905 | _aNoha | ||
| 942 |
_2ddc _cBK _e21 _n0 |
||
| 999 |
_c179302 _d179302 |
||